NLSUI OPAC header image

Introduction to EU competition law (Record no. 23264)

MARC details
000 -LEADER
fixed length control field 00413nam a2200157Ia 4500
008 - FIXED-LENGTH DATA ELEMENTS--GENERAL INFORMATION
fixed length control field 160316s2005 xxu||||| |||| 00| 0 eng d
082 ## - DEWEY DECIMAL CLASSIFICATION NUMBER
Classification number 343.070000
Item number WIL
100 ## - MAIN ENTRY--PERSONAL NAME
Personal name Willis Peter R
245 ## - TITLE STATEMENT
Title Introduction to EU competition law
250 ## - EDITION STATEMENT
Edition statement
260 ## - PUBLICATION, DISTRIBUTION, ETC.
Place of publication, distribution, etc. London
Name of publisher, distributor, etc. Informa law
Date of publication, distribution, etc. 2005
300 ## - PHYSICAL DESCRIPTION
Extent 342p
Other physical details
Dimensions xii
365 ## - TRADE PRICE
Price amount Rs.12,555
650 ## - SUBJECT ADDED ENTRY--TOPICAL TERM
Topical term or geographic name entry element 1. Competition law - European Countries.
700 ## - ADDED ENTRY--PERSONAL NAME
Personal name
--
Holdings
Withdrawn status Lost status Damaged status Not for loan Home library Current library Shelving location Date acquired Cost, normal purchase price Total Checkouts Full call number Barcode Date last seen Price effective from Koha item type
      Not For Loan . . Library Compactors 30.05.2017 12555.00   343.07 WIL 21100 30.05.2017 30.05.2017 BOOKs